000
00216nam a2200097Ia 4500
005
20251222114340.0
008
251222s1900||||xx |||||||||||||| ||spa||
082
_a
DVD0070/D18/2000
245
0
_a
Billy Elliot:
942
_c
DVD
999
_c
833
_d
833